Metody statistické analýzy pro ekonomy

Gespeichert in:
Bibliographische Detailangaben
1. Verfasser: Hindls, Richard
Weitere Verfasser: Kaňoková, Jara, Novák, Ilja
Format: Buch
Sprache:Tschechisch
Veröffentlicht: Praha MANAGEMENT PRESS 1997
Schlagworte:
Tags: Tag hinzufügen
Keine Tags, Fügen Sie das erste Tag hinzu!

MARC

LEADER 00000nam a2200000 4500
001 c106073
005 20221124073702.0
020 |a 80-85943-44-1 
041 0 |a cze 
044 |a CZ 
245 1 0 |a Metody statistické analýzy pro ekonomy  |c Richard Hindls - Jara Kaňoková - Ilja Novák 
264 1 |a Praha  |b MANAGEMENT PRESS  |c 1997 
300 |a 249 s. 
610 2 0 |a štatistika 
610 2 0 |a analýza štatistická 
610 2 0 |a metódy štatistické 
610 2 0 |a analýza regresná 
610 2 0 |a regresia 
610 2 0 |a korelácia 
610 2 0 |a modely 
610 2 0 |a rady časové 
610 2 0 |a ukazovatele štatistické 
610 2 0 |a indexy 
610 2 0 |a porovnanie štatistické 
610 2 0 |a odhad štatistický 
610 2 0 |a funkcie regresné 
100 1 |a Hindls, Richard 
700 1 |a Kaňoková, Jara 
700 1 |a Novák, Ilja